<?xml version="1.0" encoding="UTF-8"?>
<record
    xmlns:xsi="http://www.w3.org/2001/XMLSchema-instance"
    xsi:schemaLocation="http://www.loc.gov/MARC21/slim http://www.loc.gov/standards/marcxml/schema/MARC21slim.xsd"
    xmlns="http://www.loc.gov/MARC21/slim">

  <leader>00793nam a22001577a 4500</leader>
  <controlfield tag="003">OSt</controlfield>
  <controlfield tag="005">20150918113401.0</controlfield>
  <controlfield tag="008">150918b        xxu||||| |||| 00| 0 eng d</controlfield>
  <datafield tag="040" ind1=" " ind2=" ">
    <subfield code="c">RUA</subfield>
  </datafield>
  <datafield tag="082" ind1=" " ind2=" ">
    <subfield code="a">AGR PHI 2005 B031 Or.1</subfield>
  </datafield>
  <datafield tag="100" ind1=" " ind2=" ">
    <subfield code="9">754</subfield>
    <subfield code="a">PHIN, SARITH.</subfield>
  </datafield>
  <datafield tag="245" ind1=" " ind2=" ">
    <subfield code="a">Effect of irrigation on biological traits of camelina sativa crop station in the royal university of agriculture &#x17A5;&#x1791;&#x17D2;&#x1792;&#x17B7;&#x1796;&#x179B;&#x1793;&#x17C3;&#x1780;&#x17B6;&#x179A;&#x179F;&#x17D2;&#x179A;&#x17C4;&#x1785;&#x179F;&#x17D2;&#x179A;&#x1796;&#x179B;&#x17BE;&#x179B;&#x1780;&#x17D2;&#x1781;&#x178E;&#x17C8;&#x1787;&#x17B8;&#x179C;&#x179F;&#x17B6;&#x179F;&#x17D2;&#x178A;&#x17D2;&#x179A;&#x178A;&#x17C6;&#x178E;&#x17B6;&#x17C6;&#x1780;&#x17B6;&#x1798;&#x17C1;&#x179B;&#x17B8;&#x178E;&#x17B6; &#x179F;&#x17B6;&#x1791;&#x17B8;&#x179C;&#x17C9;&#x17B6; &#x1780;&#x17D2;&#x1793;&#x17BB;&#x1784;&#x179F;&#x17D2;&#x1790;&#x17B6;&#x1793;&#x17B8;&#x1799;&#x17CD;&#x178A;&#x17C6;&#x178E;&#x17B6;&#x17C6;&#x1793;&#x17C3;&#x179F;&#x17B6;&#x1780;&#x179B;&#x179C;&#x17B7;&#x1791;&#x17D2;&#x1799;&#x17B6;&#x179B;&#x17D0;&#x1799;&#x1797;&#x17BC;&#x1798;&#x17B7;&#x1793;&#x17D2;&#x1780;&#x179F;&#x17B7;&#x1780;&#x1798;&#x17D2;&#x1798;</subfield>
  </datafield>
  <datafield tag="260" ind1=" " ind2=" ">
    <subfield code="a">Phnom Penh </subfield>
    <subfield code="b">RUA</subfield>
    <subfield code="c">2005</subfield>
  </datafield>
  <datafield tag="300" ind1=" " ind2=" ">
    <subfield code="a">xiv; 51p.</subfield>
    <subfield code="b">ill.</subfield>
    <subfield code="c">29cm.</subfield>
  </datafield>
  <datafield tag="942" ind1=" " ind2=" ">
    <subfield code="2">ddc</subfield>
    <subfield code="c">AGR</subfield>
  </datafield>
  <datafield tag="999" ind1=" " ind2=" ">
    <subfield code="c">723</subfield>
    <subfield code="d">723</subfield>
  </datafield>
  <datafield tag="952" ind1=" " ind2=" ">
    <subfield code="0">0</subfield>
    <subfield code="1">0</subfield>
    <subfield code="2">ddc</subfield>
    <subfield code="4">0</subfield>
    <subfield code="6">AGR_PHI_2005_000000000000000_B031_OR_1</subfield>
    <subfield code="7">0</subfield>
    <subfield code="9">3026</subfield>
    <subfield code="a">LBB</subfield>
    <subfield code="b">LBB</subfield>
    <subfield code="c">B031</subfield>
    <subfield code="d">2015-09-18</subfield>
    <subfield code="o">AGR PHI 2005 B031 Or.1</subfield>
    <subfield code="p">RUA002007</subfield>
    <subfield code="r">2015-09-18</subfield>
    <subfield code="w">2015-09-18</subfield>
    <subfield code="y">AGR</subfield>
  </datafield>
  <datafield tag="952" ind1=" " ind2=" ">
    <subfield code="0">0</subfield>
    <subfield code="1">0</subfield>
    <subfield code="2">ddc</subfield>
    <subfield code="4">0</subfield>
    <subfield code="6">AGR_PHI_2005_000000000000000_B031_OR_2</subfield>
    <subfield code="7">0</subfield>
    <subfield code="9">3027</subfield>
    <subfield code="a">LBB</subfield>
    <subfield code="b">LBB</subfield>
    <subfield code="c">B031</subfield>
    <subfield code="d">2015-09-18</subfield>
    <subfield code="l">2</subfield>
    <subfield code="m">1</subfield>
    <subfield code="o">AGR PHI 2005 B031 Or.2</subfield>
    <subfield code="p">RUA001577</subfield>
    <subfield code="r">2016-08-08</subfield>
    <subfield code="s">2016-08-03</subfield>
    <subfield code="w">2015-09-18</subfield>
    <subfield code="y">AGR</subfield>
  </datafield>
  <datafield tag="952" ind1=" " ind2=" ">
    <subfield code="0">0</subfield>
    <subfield code="1">0</subfield>
    <subfield code="2">ddc</subfield>
    <subfield code="4">0</subfield>
    <subfield code="6">AGR_PHI_2005_000000000000000_B031_OR_3</subfield>
    <subfield code="7">0</subfield>
    <subfield code="9">3028</subfield>
    <subfield code="a">LBB</subfield>
    <subfield code="b">LBB</subfield>
    <subfield code="c">B031</subfield>
    <subfield code="d">2015-09-18</subfield>
    <subfield code="o">AGR PHI 2005 B031 Or.3</subfield>
    <subfield code="p">RUA001288</subfield>
    <subfield code="r">2015-09-18</subfield>
    <subfield code="w">2015-09-18</subfield>
    <subfield code="y">AGR</subfield>
  </datafield>
  <datafield tag="952" ind1=" " ind2=" ">
    <subfield code="0">0</subfield>
    <subfield code="1">0</subfield>
    <subfield code="2">ddc</subfield>
    <subfield code="4">0</subfield>
    <subfield code="6">AGR_PHI_2005_000000000000000_B031_OR_4</subfield>
    <subfield code="7">0</subfield>
    <subfield code="9">3029</subfield>
    <subfield code="a">LBB</subfield>
    <subfield code="b">LBB</subfield>
    <subfield code="c">B031</subfield>
    <subfield code="d">2015-09-18</subfield>
    <subfield code="o">AGR PHI 2005 B031 Or.4</subfield>
    <subfield code="p">RUA001216</subfield>
    <subfield code="r">2015-09-18</subfield>
    <subfield code="w">2015-09-18</subfield>
    <subfield code="y">AGR</subfield>
  </datafield>
  <datafield tag="952" ind1=" " ind2=" ">
    <subfield code="0">0</subfield>
    <subfield code="1">0</subfield>
    <subfield code="2">ddc</subfield>
    <subfield code="4">0</subfield>
    <subfield code="6">AGR_PHI_2005_000000000000000_B031_OR_5</subfield>
    <subfield code="7">0</subfield>
    <subfield code="9">3030</subfield>
    <subfield code="a">LBB</subfield>
    <subfield code="b">LBB</subfield>
    <subfield code="c">B031</subfield>
    <subfield code="d">2015-09-18</subfield>
    <subfield code="o">AGR PHI 2005 B031 Or.5</subfield>
    <subfield code="p">RUA001223</subfield>
    <subfield code="r">2015-09-18</subfield>
    <subfield code="w">2015-09-18</subfield>
    <subfield code="y">AGR</subfield>
  </datafield>
</record>
